000 00265nam a2200109Ia 4500
008 200302s9999 xx 000 0 und d
100 _aMartin Nicholas Kunz
245 _aAuthentic & Charming Top Hotels
260 _bLoft Publication
260 _c2010
300 _a647
999 _c3576
_d3576